Migrácia - požehnanie či kliatba ?

Vývoj migrácie. Migrácia a globálna ekonomika. S globalizáciou sa stupňuje potreba štrukturálne cielenej migrácie. Dopyt po kvalifikovanej pracovnej sile. EÚ sa musí lepšie pripraviť na zvládanie prílevu utečencov z afrických stredomorských brehov.

Gespeichert in:
Bibliographische Detailangaben
1. Verfasser: Pressburg, Adrian Peter
Format: Buchkapitel
Sprache:Slowakisch
Schlagworte:
Tags: Tag hinzufügen
Keine Tags, Fügen Sie das erste Tag hinzu!

MARC

LEADER 00000naa$a2200000$$$4500
001 0060127
005 20231009073428.3
041 0 |a slo 
044 |a SK 
245 1 0 |a Migrácia - požehnanie či kliatba ?  |c Adrian Peter Pressburg 
520 |a Vývoj migrácie. Migrácia a globálna ekonomika. S globalizáciou sa stupňuje potreba štrukturálne cielenej migrácie. Dopyt po kvalifikovanej pracovnej sile. EÚ sa musí lepšie pripraviť na zvládanie prílevu utečencov z afrických stredomorských brehov. 
610 2 0 |a migrácia 
610 2 0 |a globalizácia hospodárstva 
610 2 0 |a sily pracovné 
610 2 0 |a cudzinci 
610 2 0 |a Európska únia 
100 1 |a Pressburg, Adrian Peter